00358nam a22001217a 4500020001800000082002500018100002500043245004900068260003100117300002400148650004000172700002400212 a9780470014868 a621.382150151922 SHE a Shelukhin, O. I. aSelf-similar processes in telecommunications aNew YorkbJohn Wileyc2007 axix, 314p. :e24 cm aInternetworking (Telecommunication) aOleg I. Shelukhin